Amtrak Cities at the End of the Line - Statistics

General Stats
  • This quiz has been taken 203 times
  • The average score is 12 of 16
Answer Stats
route cities % Correct
Coast Starlight Los Angeles and {Seattle}
94%
Texas Eagle Chicago and {San Antonio}
86%
California Zephyr Chicago and {San Francisco}
86%
Maple Leaf New York and {Toronto}
85%
Northeast Regional Virginia Beach and {Boston}
84%
Southwest Chief Chicago and {Los Angeles}
83%
Pacific Surfliner San Luis Obispo and {San Diego}
81%
Acela Express Boston and {Washington DC}
78%
The Carolinian New York and {Charlotte}
75%
Lake Shore Limited New York and {Chicago}
75%
Vermonter Washington DC and {St Albans}
75%
Keystone New York and {Harrisburg}
58%
Adirondack New York and {Montreal}
58%
Hiawatha Chicago and {Milwaukee}
57%
Crescent New York and {New Orleans}
57%
Heartland Flyer Fort Worth and {Oklahoma City}
56%
No matching quizzes found
Score Distribution
Percent of People with Each Score
Percentile by Number Answered
Your Score History
You have not taken this quiz